000 00595nam a2200253Ia 4500
005 20260121114058.0
008 008 260114s9999 xx 000 0 eng d
020 _a9783527600243
037 _aEBOOK
040 _aCRL
040 _beng
040 _cCRL
041 _2eng
041 _aeng
084 _qCRL
100 _aValeur
_9970597
245 0 _aMolecular Fluorescence - An Introduction
260 _bWiley
260 _c2002
856 _uhttps://onlinelibrary.wiley.com/doi/book/10.1002/3527600248
942 _cEBOOK
999 _c1549851
_d1549851